| 000 | 01599cas a2200481 4500 | ||
|---|---|---|---|
| 001 | data | ||
| 005 | 20260322212117.0 | ||
| 008 | data | ||
| 010 | _asn 95007738 | ||
| 016 | 7 |
_a011785506 _2Uk |
|
| 019 |
_a1098699021 _a1038151460 _a1098699021 |
||
| 022 | 0 |
_a0084-3350 _21 |
|
| 023 | 0 |
_a0084-3350 _21 |
|
| 029 | 1 |
_aAU@ _b000000947384 |
|
| 029 | 1 |
_aAU@ _b000012175368 |
|
| 029 | 1 |
_aNZ1 _b14740480 |
|
| 029 | 1 |
_aZWZ _b044694989 |
|
| 029 | 1 |
_aNZ1 _b1586160 |
|
| 029 | 1 |
_aNLNZL _b9915861603502836 |
|
| 035 | _a(OCoLC)5337667 | ||
| 040 |
_aYUS _beng _cYUS _dOCLCQ _dNSD _dDLC _dOCL _dAAA _dOCLCQ _dUKMGB _dOCLCQ _dOCLCF _dOCL _dOCLCO _dOKS _dOCLCO _dOCLCL _dOCLCQ |
||
| 042 |
_apcc _apcc |
||
| 050 | 0 | 0 | _aCLASSED SEPARATELY |
| 082 | 1 | 0 |
_a900 _212 _1https://id.oclc.org/worldcat/ddc/E48wq7jdPxXjCKcWbGhyfThfCY |
| 210 | 0 | _aYale hist. publ., Misc. | |
| 222 | 0 | _aYale historical publications. Miscellany | |
| 245 | 0 | 0 |
_aYale historical publications. _pMiscellany. |
| 260 |
_aNew Haven, Conn., _bYale University Press, _c1914- |
||
| 300 |
_av. _bill. _c26 cm. |
||
| 336 |
_atext _btxt _2rdacontent |
||
| 337 |
_aunmediated _bn _2rdamedia |
||
| 338 |
_avolume _bnc _2rdacarrier |
||
| 362 | 0 | _av. 1- | |
| 650 | 0 | _aHistory. | |
| 650 | 2 | _aHistory | |
| 650 | 6 | _aHistoire. | |
| 650 | 7 |
_ahistory (discipline) _2aat |
|
| 650 | 7 |
_aHistory. _2fast _0(OCoLC)fst00958235 |
|
| 655 | 7 |
_aHistory. _2fast _0(OCoLC)fst01411628 |
|
| 710 | 2 |
_aYale University. _bDepartment of History. |
|
| 776 | 0 | 8 |
_iOnline version: _tYale historical publications. Miscellany _w(OCoLC)794261469 |
| 906 |
_a7 _bcbc _cserials _du _encip _f19 _gn-oclcserc |
||
| 999 |
_c1777 _d1777 |
||